Statistics for minecraft Quiz

Click here to take the quiz!

General Stats

  • This quiz has been taken 10 times
  • The average score is 9 of 12

Answer Stats

HintAnswer% Correct
Flying in survivalElytra
100%
Ender Pearl GiverEnderman
100%
biggest mob in the NetherGhast
100%
Blocker of damageShield
89%
Invisible wallBarrier
78%
Poisoned FishPufferfish
78%
Fire BowFlame
67%
Vilage Anti Raidiron golem
67%
Ghost modespectator
67%
crying rockcrying obsidian
56%
stronger swordsSharpness
56%
Totem Mobevoker
44%

Score Distribution

Percentile by Number Answered

Percent of People with Each Score

Your Score History

You have not taken this quiz